000
00182 a2200097 4500
020
_a
034440056
041
_a
eng
100
_a
Perry, Anne
245
_a
death of a stranger
942
_c
BK
999
_c
8907
_d
8907